Hry na hřišti a v tělocvičně

Salvato in:
Dettagli Bibliografici
Natura: Libro
Lingua:ceco
Pubblicazione: Praha Olympia 1987
Edizione:1. vyd.
Serie:Velká encyklopedie her Sv.3
Tags: Aggiungi Tag
Nessun Tag, puoi essere il primo ad aggiungerne!!

MARC

LEADER 00000nam a2200000 4500
001 c038113
005 20250827102259.1
041 0 |a cze 
044 |a CZ 
245 1 0 |a Hry na hřišti a v tělocvičně  |c Miloš Zapletal 
250 |a 1. vyd. 
264 1 |a Praha  |b Olympia  |c 1987 
300 |a 503 s. 
490 1 |a Velká encyklopedie her  |v Sv.3 
830 0 |a Velká encyklopedie her  |v Sv.3